Discriminatory factors that identify successful basketball performers /

Bibliographic Details
Main Author: Inglis, Gordon Walter
Format: Thesis Microform Book
Language:English
Published: [Place of publication not identified] : [publisher not identified] ; 1980.
Subjects:

MARC

Tag First Indicator Second Indicator Subfields
LEADER 00000cam a2200000 a 4500
001 in00000018708
005 20151007054035.0
007 he bmb|||||||
008 860430r19861980orua bb 00010 eng d
035 |a (OCoLC)13512462 
035 |9 AAB3781AM 
040 |a ORU  |c MIA  |d MIA  |d HPE  |d TXA  |d UtOrBLW 
049 |a TXAI 
099 |a fiche  |a C  |a 9420 
100 1 |a Inglis, Gordon Walter. 
245 1 0 |a Discriminatory factors that identify successful basketball performers /  |c by Gordon Walter Inglis. 
264 1 |a [Place of publication not identified] :  |b [publisher not identified] ;  |c 1980. 
300 |a vii, 57 leaves :  |b illustrations 
336 |a text  |b txt  |2 rdacontent 
337 |a microform  |b h  |2 rdamedia 
338 |a microfiche  |b he  |2 rdacarrier 
502 |b M.S.  |c Washington State University  |d 1980. 
504 |a Bibliography: leaves 31-34. 
533 |a Microfiche.  |b Eugene :  |c Microform Publications, College of Human Development and Performance, University of Oregon,  |d 1986.  |e 1 microfiche : negative ; 11 x 15 cm. 
500 |a Microform. 
650 0 |a Basketball  |x Ability testing. 
650 0 |a Athletic ability. 
650 0 |a Prediction (Psychology) 
999 |a MARS 
999 f f |s dac576d1-e5bd-3368-b9fd-0ff8a78a99a4  |i 2bd4fda3-384a-3b04-90b1-08434b5bd0fb  |t 0 
952 f f |p normal  |a Texas A&M University  |b College Station  |c Sterling C. Evans Library  |d Evans: Microforms (3rd floor)  |t 0  |e fiche C 9420  |h Other scheme  |i microform -- microfiche  |m A14823240626 
998 f f |a fiche C 9420  |t 0  |l Evans: Microforms (3rd floor)